The law and the teaching profession in the Philippines / (Record no. 17928)
[ view plain ]
| 000 -LEADER | |
|---|---|
| fixed length control field | 00625nam a22002417a 4500 |
| 003 - CONTROL NUMBER IDENTIFIER | |
| control field | OSt |
| 005 - DATE AND TIME OF LATEST TRANSACTION | |
| control field | 20140310182952.0 |
| 008 - FIXED-LENGTH DATA ELEMENTS--GENERAL INFORMATION | |
| fixed length control field | 130206t xxu||||| |||| 00| 0 eng d |
| 020 ## - INTERNATIONAL STANDARD BOOK NUMBER | |
| International Standard Book Number | 9789715847032 |
| 050 ## - LIBRARY OF CONGRESS CALL NUMBER | |
| Classification number | KPM 1624 |
| Item number | .D85 2008 |
| 100 ## - MAIN ENTRY--PERSONAL NAME | |
| Personal name | Duka, Cecilio D. |
| 245 ## - TITLE STATEMENT | |
| Title | The law and the teaching profession in the Philippines / |
| Statement of responsibility, etc | Cecilio Dioneda Duka. |
| 260 ## - PUBLICATION, DISTRIBUTION, ETC. (IMPRINT) | |
| Place of publication, distribution, etc | Quezon City : |
| Name of publisher, distributor, etc | C & E Pub., |
| Date of publication, distribution, etc | 2008. |
| 300 ## - PHYSICAL DESCRIPTION | |
| Extent | 317 p. : |
| Other physical details | ill. ; |
| Dimensions | 22 cm. |
| 521 ## - TARGET AUDIENCE NOTE | |
| Target audience note | |
| 562 ## - COPY AND VERSION IDENTIFICATION NOTE | |
| Number of copies | 5 |
| 942 ## - ADDED ENTRY ELEMENTS (KOHA) | |
| Source of classification or shelving scheme | Library of Congress Classification |
| Koha item type | Books |
| Call number prefix | Local |
| Withdrawn status | Lost status | Source of classification or shelving scheme | Damaged status | Home library | Current library | Shelving location | Date acquired | Source of acquisition | Total Checkouts | Full call number | Barcode | Date last seen | Date checked out | Copy number | Price effective from | Koha item type | Total Renewals |
|---|---|---|---|---|---|---|---|---|---|---|---|---|---|---|---|---|---|
| Library of Congress Classification | Archives | Archives | 11/26/2013 | Donation | 1 | KPM 1624 .D85 2008 | C15743 | 05/08/2018 | 12/02/2016 | 2 | 11/26/2013 | Books | 1 | ||||
| Library of Congress Classification | Archives | Archives | 11/26/2013 | Donation | KPM 1624 .D85 2008 | C16419 | 05/08/2018 | 3 | 11/26/2013 | Books | |||||||
| Library of Congress Classification | College Library | College Library | Filipiniana Section | 02/06/2013 | Library Fund | 1 | KPM 1624 .D85 2008 | C13962 | 05/08/2018 | 12/02/2016 | 1 | 02/06/2013 | Books | ||||
| Library of Congress Classification | College Library | College Library | Filipiniana Section | 11/26/2013 | Library Fund | KPM 1624 .D85 2008 | C10621 | 05/08/2018 | 4 | 11/26/2013 | Books | ||||||
| Library of Congress Classification | College Library | College Library | Filipiniana Section | 11/26/2013 | Library Fund | KPM 1624 .D85 2008 | C10622 | 05/08/2018 | 5 | 11/26/2013 | Books |